Programing and problem solving throught "C" (Record no. 805)

MARC details
000 -LEADER
Fixed length control field 00448nam a22001817a 4500
003 - CONTROL NUMBER IDENTIFIER
Control field SEACOMEC
005 - DATE AND TIME OF LATEST TRANSACTION
Control field 20240316114340.0
008 - FIXED-LENGTH DATA ELEMENTS--GENERAL INFORMATION
Fixed length control field 240316b |||||||| |||| 00| 0 eng d
020 ## - INTERNATIONAL STANDARD BOOK NUMBER / ISBN
International Standard Book Number
Price Rs.295.00
040 ## - CATALOGING SOURCE
Original cataloging agency SEACOMEC
041 ## - LANGUAGE CODE
Language code English
082 ## - DEWEY DECIMAL CLASSIFICATION NUMBER
Classification number 005.133
110 ## - AIN ENTRY--CORPORATE NAME
Corporate name UPTEC
245 ## - TITLE STATEMENT
Title Programing and problem solving throught "C"
Statement of responsibility UPTEC
260 ## - IMPRINT
Place of publication New Delhi
Name of publisher Elsevier
Date of publication 2004
650 ## - SUBJECT ADDED ENTRY--TOPICAL TERM
Topical term Computer Programming
942 ## - ADDED ENTRY ELEMENTS (KOHA)
Koha item type Books
Holdings
Withdrawn status Lost status Source of classification Damaged status Not for loan Home library Current library Date acquired Total Checkouts Call number Accession number Date last seen Price effective from Koha item type
    Dewey Decimal Classification     SEACOM ENGINEERING COLLEGE SEACOM ENGINEERING COLLEGE 16/03/2024   005.133 4128 16/03/2024 16/03/2024 Books
© Seacom Engineering College, All rights reserved.      Powered by Koha